000 00255nam a2200097Ia 4500
001 668094
005 20250826160342.0
008 250824s9999 xx 000 0 und d
245 0 _aEce Yüce/Çok Gülünç Bir Şey Oldu
_cGülten Dayıoğlu
260 _bALTIN
999 _c668094
_d668094